| 000 | 01826nam a2200385 c 4500 | ||
|---|---|---|---|
| 003 | BLK | ||
| 005 | 20180422105808.0 | ||
| 008 | 180409b bul|||||r ||||||| ||bul|| | ||
| 010 | _aKNG00112921000 | ||
| 020 |
_a954-715-162-2 _bиздат.: Варненски свободен унив. Черноризец Храбър |
||
| 040 | _aBLK | ||
| 041 |
_aBUL _cBUL |
||
| 080 |
_aОбществено управление. Публична администрация _b351/354 _x:681.324 _z351/354:681.324 |
||
| 080 |
_aУслуги. Сфера на услугите _b338.46 _x:351/354:681.324 _z338.46:351/354:681.324 |
||
| 100 | 1 |
_aПавлов, Павел Георгиев _eпърви автор _9368194 |
|
| 700 | 1 |
_aМихалева, Светла Христова _eсъавт. _9371933 |
|
| 139 |
_aПавлов, Павел Георгиев _bП 13 |
||
| 245 | 1 | 0 |
_aКонцепцията "Електронно правителство" - Същност, проблеми и перспективи _cПавел Георгиев Павлов; съавт. Светла Христова Михалева. |
| 257 | _aBGR | ||
| 260 |
_аВарна _bВарненски свободен унив. Черноризец Храбър _c2003 _fВарна : График ООД |
||
| 300 |
_a59 с. _bс табл. _c20 см |
||
| 380 | _a3 | ||
| 490 | 1 | _aСерия Академичен форум | |
| 500 | _aБилиогр. с. 56-58. | ||
| 650 | 4 |
_aИнтернет - в администрацията _9286215 |
|
| 650 | 4 |
_aАдминистрация _9146564 |
|
| 650 | 4 |
_aАдминистративно право _9263785 |
|
| 653 | _aИнтернет | ||
| 653 | _aадминистрация | ||
| 852 | _aЦб 219421 | ||
| 856 | 4 |
_qpdf _u |
|
| 856 | 4 |
_qpdf _u |
|
| 942 |
_cKNG _n0 |
||
| 944 |
_aCR _c10.05.2004 _kЦветанка_Енчева |
||
| 944 |
_aED _c09.11.2004 _k |
||
| 999 |
_c107632 _d107632 |
||